| 000 | 00842nam a2200265 a 4500 | ||
|---|---|---|---|
| 001 | 75607 | ||
| 003 | BD-RjUL | ||
| 005 | 20211209082721.0 | ||
| 008 | 190430s1962 enkad||| i||| 001 0 eng d | ||
| 035 | _a(BD-RjUL) 75825 | ||
| 040 |
_aBD-RjUL _beng _cBD-RjUL |
||
| 041 | _aeng | ||
| 082 |
_223 _a519.502465 _bWHW 1962 |
||
| 100 | 1 |
_aWheldon, Harold J. _q(Harold James) _9231407 |
|
| 245 | 1 | 0 |
_aWheldon's Business statistics and statistical method / _cHarold J Wheldon ; compltely revised by G.L. Thirkettle |
| 250 | _aFifth edition | ||
| 260 |
_aLondon : _bMacdonald & evens , _c1962 |
||
| 300 |
_axii , 292 p. : _bill. _c22 cm |
||
| 500 | _aIncludes Index | ||
| 650 |
_aStatistics _9231409 |
||
| 650 |
_aStatistical decision _9231410 |
||
| 650 |
_aMathematical statistics _9231411 |
||
| 700 |
_aThirkettle, G.L _949922 |
||
| 942 |
_2ddc _cBK |
||
| 999 |
_c75607 _d75607 |
||